00541nam a22001577a 4500003000400000005001700004008004100021020001800062040002900080100009700109245006200206250001200268260004800280300001000328650004500338OSt20250814111424.0250814b |||||||| |||| 00| 0 eng d a9781119403999 cChuka University Library aWeygandt J. Jery ,p.D ,Kimmel D. Paul , ph.D , Kieso E. Donald ph.D , Aly M. IIbrahim , ph.D aManagerial Accounting :Tools for Business Decision-Making a5th ,ED aToronto ,CanadabJohm Wiley And Sons c2018 a633p. a1.Management Accounting .......Textbooks